山手線の内側にあるもの-サドンデス- - Statistics

General Stats
  • This quiz has been taken 24 times
  • The average score is 6 of 14
Answers on the Grid
Answers color-coded by a green-red scale on the quiz's grid according to % correct below.
皇居
東京スカイツリー
上野恩賜公園
新宿御苑
豊洲市場
国会議事堂
羽田空港
渋谷スクランブル交差点
東京都庁
サンシャインシティ
日比谷公園
浅草寺
歌舞伎座
東京大学本郷キャンパス
早稲田大学早稲田キャンパス
慶應義塾大学三田キャンパス
東京ディズニーリゾート
東京駅八重洲口
靖国神社
歌舞伎町
青山霊園
東京競馬場
六本木ヒルズ
東京ドーム
明治神宮
 
Answer Stats
Answer % Correct
皇居
79%
国会議事堂
50%
東京ドーム
50%
新宿御苑
43%
サンシャインシティ
43%
上野恩賜公園
36%
日比谷公園
36%
東京大学本郷キャンパス
36%
早稲田大学早稲田キャンパス
36%
靖国神社
36%
歌舞伎町
36%
六本木ヒルズ
36%
慶應義塾大学三田キャンパス
29%
青山霊園
29%
No matching quizzes found
Score Distribution
Percent of People with Each Score
Percentile by Number Answered
Your Score History
You have not taken this quiz